RURAL MARKETING (Record no. 28245)

000 -LEADER
fixed length control field 00362nam a2200169Ia 4500
003 - CONTROL NUMBER IDENTIFIER
control field OSt
005 - DATE AND TIME OF LATEST TRANSACTION
control field 20250728133433.0
008 - FIXED-LENGTH DATA ELEMENTS--GENERAL INFORMATION
fixed length control field 200615s9999||||xx |||||||||||||| ||und||
040 ## - CATALOGING SOURCE
Transcribing agency MUIT
082 ## - DEWEY DECIMAL CLASSIFICATION NUMBER
Classification number 658
Item number RUR-G
100 ## - MAIN ENTRY--PERSONAL NAME
Personal name GUPTA,SL
245 #0 - TITLE STATEMENT
Title RURAL MARKETING
250 ## - EDITION STATEMENT
Edition statement 1ST
260 ## - PUBLICATION, DISTRIBUTION, ETC.
Place of publication, distribution, etc. New Delhi
Name of publisher, distributor, etc. WISDOM
Date of publication, distribution, etc. 2004
300 ## - PHYSICAL DESCRIPTION
Extent 449
942 ## - ADDED ENTRY ELEMENTS (KOHA)
Koha item type Book
Source of classification or shelving scheme
Holdings
Withdrawn status Lost status Damaged status Not for loan Collection code Permanent Location Current Location Shelving location Date acquired Total Checkouts Full call number Barcode Date last seen Price effective from Koha item type
        School of Management Maharishi School of Business & Management (Lucknow) Maharishi School of Business & Management (Lucknow) R14S4 2020-06-15   381 SOM0431 2020-06-15 2020-06-15 Book

All Rights Reserved@MUIT

Powered by Koha